Central Library OPAC University of Rajshahi

Islam in West Africa / (Record no. 31401)

MARC details
000 -LEADER
fixed length control field 00738nam a2200229 a 4500
001 - CONTROL NUMBER
control field 31401
003 - CONTROL NUMBER IDENTIFIER
rucl marc code BD-RjUL
005 - DATE AND TIME OF LATEST TRANSACTION
control field 20211209051709.0
008 - FIXED-LENGTH DATA ELEMENTS--GENERAL INFORMATION
fixed length control field 140415r19671959enkb b 001 0 eng d
035 ## - SYSTEM CONTROL NUMBER
System control number (BD-RjUL)31488
040 ## - CATALOGING SOURCE
Original cataloging agency NNCU:A
Language of cataloging eng
Transcribing agency NNCU:A
Modifying agency NU
-- BD-RjUL
041 ## - LANGUAGE CODE
Language code of text/sound track or separate title eng
082 04 - DEWEY DECIMAL CLASSIFICATION NUMBER
Classification number 297.0966
Edition number 19
Author mark and year TRI 1967
100 1# - MAIN ENTRY--PERSONAL NAME
Personal name Trimingham, J. Spencer
Fuller form of name (John Spencer)
9 (RLIN) 5052
245 10 - TITLE STATEMENT
Title Islam in West Africa /
Statement of responsibility, etc. by J. Spencer Trimingham.
260 ## - PUBLICATION, DISTRIBUTION, ETC. (IMPRINT)
Place of publication, distribution, etc. Oxford :
Name of publisher, distributor, etc. Clarendon Press,
Date of publication, distribution, etc. c1959 [Correction 1967].
300 ## - PHYSICAL DESCRIPTION
Pagination ix, 262 p. :
Illustrations folded map ;
Size 23 cm.
504 ## - BIBLIOGRAPHY, ETC. NOTE
Bibliography, etc Includes bibliographical references and index.
650 #0 - SUBJECT ADDED ENTRY--TOPICAL TERM
Topical term or geographic name as entry element Islam
Geographic subdivision Africa, West.
9 (RLIN) 95558
Topical term or geographic name as entry element Muslims
Geographic subdivision Africa, West.
9 (RLIN) 95559
942 ## - ADDED ENTRY ELEMENTS (KOHA)
Source of classification or shelving scheme Dewey Decimal Classification
Koha item type Books
Holdings
Lost status Source of classification or shelving scheme Damaged status Not for loan Collection code Permanent Location Current Location Shelving location Date acquired Source of acquisition Cost, normal purchase price Total Checkouts Full call number Date last seen Copy number Koha item type
  Dewey Decimal Classification     Non-fiction Central Library, University of Rajshahi Central Library, University of Rajshahi   23/09/1968 Zeitlinger 35.00   297.0966 TRI 1967 15/04/2014 C-2 Books
  Dewey Decimal Classification     Non-fiction Central Library, University of Rajshahi Central Library, University of Rajshahi   27/10/1970 Sweet & Zeitlinger 42.00   297.0966 TRI 1967 26/04/2014 C-3 Books
  Dewey Decimal Classification     Non-fiction Central Library, University of Rajshahi Central Library, University of Rajshahi   06/12/1966 Standard pub. lim.     297.0966 TRI 1964 26/04/2014 C-4 Books
  Dewey Decimal Classification   Not For Loan Non-fiction Central Library, University of Rajshahi Central Library, University of Rajshahi Reading Room 24/03/1964 Zeitlinger 38.00   297.0966 TRI 1961 26/04/2014 C-1 Books
  Dewey Decimal Classification     Non-fiction Central Library, University of Rajshahi Central Library, University of Rajshahi   06/07/1988 Manik Bro. 20.00   297.0966 TRI 1978 26/04/2014 C-5 Books